1703 1959 1268 1716 1303 1569 1818 1232 1257 1896 1326 1261 1583 1465 1346 1863 1439 1121 1279 1081 1481 1626 1481 1490 1840 1673 1019 1347 1764 1533 1758 1159 1216 1905 1116 1078 1635 1897 1562 1855 1773 1568 1461 1394 1728 1335 1323 1683 1774 1035 1572 1488 1818 1323 1771 1782 1704 1336 1265 1390 1659 1479 1219 1522 1748 1883 1671 1527 1755 1868 1027 1069 2000 1897 1136 1257 1011 1777 1898 1223 1856 1966 1477 1014 1342 1758 1532 1102 1232 1796 1285 1163 1789 1528 1238 1331 1858 1619 1788 BCNSPRNW ULIB Ver.6.0+V

เปลี่ยนเป็นภาษาไทย

Change to English
 แสดงรายละเอียดบรรณานุกรม
  กลับหน้าหลัก

Brief Record : Get Marc (ISO 2709) : E-mail record : QR code < ปิดหน้าต่าง
LEADER : 00000nam 2200000uu 4500
001    13399112126
003     ULIB
008    110727s2550||||th 000 0 tha d
020    9789740319283
050  4 HA62^bภ373ส 2550
100 0  ภัทรสินี ภัทรโกศล
245 10 สถิติเพื่อการวิจัยทางวิทยาศาสตร์ /^cภัทรสินี ภัทรโกศล
250    พิมพ์ครั้งที่ 1
260    กรุงเทพฯ :^bสำนักพิมพ์แห่งจุฬาลงกรณ์มหาวิทยาลัย,^c2550
300    435 หน้า :^bภาพประกอบ ;^c26 ซม.
650  4 สถิติ
650  4 สถิติวิเคราะห์
650  4 สถิติศาสตร์
650  4 วิทยาศาสตร์^xระเบียบวิธีทางสถิติ
945    ^p350^l0^i021187
945    ^p350^l0^i021188
995    ทศพร
999 ^a ทศพร
รายการนี้ยังไม่มีแท็ก
คุณยังไม่ได้ล็อกอิน คุณสามารถมีกิจกรรมร่วมกับเว็บไซต์ได้ แต่ต้องล็อกอินก่อน ::
  ล็อกอิน

รายการสื่อสารสนเทศ

ลำดับที่ ประเภท เลขเรียก/บาร์โค้ด สถานที่ สถานะ
- ไม่พบข้อมูล -

รายการใกล้เคียง
    หัวเรื่อง [สถิติ]
    หัวเรื่อง [สถิติวิเคราะห์]
    หัวเรื่อง [สถิติศาสตร์]

BibComment


ยังไม่เคยถูกคอมเมนท์

คอมเมนท์ทรัพยากรรายการนี้
  คอมเมนท์: สถิติเพื่อการวิจั..


 Copyright 2026. Bcnsprnw @Library